000 00423nam a2200169Ia 4500
001 29576
003 IN-NITTTR
005 20251114233403.0
008 251113s9999||||xx |||||||||||||| ||eng||
040 _beng
040 _cIN-NITTTR
041 _aeng
082 _a001.422 E95R
100 _aEdwards, Thomas
245 0 _aResearch design and statistics :
_b a bio-behavioural focus /
_cEdwards, Thomas
942 _2ddc
_cBK
999 _c32204
_d32204